HUMAN ANATOMY AND PHYSIOLOGY -II (Record no. 6285)

MARC details
000 -LEADER
fixed length control field 00433nam a22001697a 4500
005 - DATE AND TIME OF LATEST TRANSACTION
control field 20230902124200.0
008 - FIXED-LENGTH DATA ELEMENTS--GENERAL INFORMATION
fixed length control field 200518b xxu||||| |||| 00| 0 eng d
020 ## - INTERNATIONAL STANDARD BOOK NUMBER
ISBN 9789384875257
041 ## - LANGUAGE CODE
Language code of text/sound track or separate title eng
082 ## - DEWEY DECIMAL CLASSIFICATION NUMBER
Classification number 612
100 ## - MAIN ENTRY--AUTHOR NAME
Personal name JOGPAL ,VIKASH AND GUPTA JOYTI
245 ## - TITLE STATEMENT
Title HUMAN ANATOMY AND PHYSIOLOGY -II
260 ## - PUBLICATION, DISTRIBUTION, ETC. (IMPRINT)
Place of publication Modinaar (UP)
Name of publisher Unnati Publication
Year of publication 2019
300 ## - PHYSICAL DESCRIPTION
Number of Pages 168
650 ## - SUBJECT ADDED ENTRY--TOPICAL TERM
Topical Term Pharmacy
942 ## - ADDED ENTRY ELEMENTS (KOHA)
Koha item type Books
Holdings
Lost status Damaged status Collection code Home library Current library Shelving location Date acquired Source of acquisition Cost, normal purchase price Full call number Accession Number Koha item type
    PHARMACY JRU Library JRU Library Shelf - 23- H 18/05/2020 PURCHASE 168.00 612 24013 Books
    PHARMACY JRU Library JRU Library Shelf - 23- H 18/05/2020 PURCHASE 168.00 612 24014 Books
    PHARMACY JRU Library JRU Library Shelf - 23- H 18/05/2020 PURCHASE 168.00 612 24015 Books
    PHARMACY JRU Library JRU Library Shelf - 23- H 18/05/2020 PURCHASE 168.00 612 24016 Books
    PHARMACY JRU Library JRU Library Shelf - 23- H 18/05/2020 PURCHASE 168.00 612 24017 Books
    PHARMACY JRU Library JRU Library Shelf - 23- H 18/05/2020 PURCHASE 168.00 612 24018 Books
    PHARMACY JRU Library JRU Library Shelf - 23- H 27/02/2021 UNNATI PUBLICATION 168.00 612 25605 Books
    PHARMACY JRU Library JRU Library Shelf - 23- H 27/02/2021 UNNATI PUBLICATION 168.00 612 25606 Books
    PHARMACY JRU Library JRU Library Shelf - 23- H 27/02/2021 UNNATI PUBLICATION 168.00 612 25607 Books
    PHARMACY JRU Library JRU Library Shelf - 23- H 27/02/2021 UNNATI PUBLICATION 168.00 612 25608 Books
    PHARMACY JRU Library JRU Library Shelf - 23- H 27/02/2021 UNNATI PUBLICATION 168.00 612 25609 Books